Les principaux mouvements scouts en France - Statistiques

Statistiques générales
  • Ce quiz a été pris 50 fois
  • Le résultat moyen est 6 sur 10
Statistiques - réponses
Spécificité Statut officiel Année de fondation Nombre
d'adhérents (2023)
Mouvement % Correct
mouvement catholique(fusion de 2 mouvements fondés en 1920 et 1923) Membre de la FSE 2004 98 800 Scouts et Guides de France
95%
mouvement catholique agréé par le ministère 1958 35 000 Association des guides et scouts d'Europe
93%
mouvement catholique agréé par le ministère 1971 34 000 Scouts unitaires de France
91%
mouvement musulman Membre de la FSE 1990 3 100 Scouts musulmans de France
72%
mouvement juif Membre de la FSE 1923 3 600 Éclaireuses éclaireurs israélites de France
65%
mouvement inspiré du boudhisme Membre de la FSE 2007 1 900 Éclaireuses et éclaireurs de la nature
60%
mouvement protestant Membre de la FSE 1911 5 800 Éclaireuses et Éclaireurs unionistes de France
53%
mouvement neutre agréé par le ministère 1947 3 000 Éclaireurs neutres de France
44%
mouvement laïque Membre de la FSE 1911 13 600 Éclaireuses éclaireurs de France
44%
mouvement laïque agréé par le ministère 1989 1 300 Fédération des éclaireuses et éclaireurs
28%
Aucun quiz correspondant
Distribution des résultats
% des personnes avec chaque résultat
Percentile par nombre de réponses
Votre historique - résultats
Vous n’avez pas pris ce quiz